Prevención de la delincuencia en el medio urbano

Uloženo v:
Podrobná bibliografie
Médium: Kniha
Jazyk:španělština
Vydáno: Madrid Federación Española de Municipios y Provincias 1991
Témata:
Tagy: Přidat tag
Žádné tagy, Buďte první, kdo vytvoří štítek k tomuto záznamu!

MARC

LEADER 00000nam a2200000 a 4500
001 UCX6655
003 CL-VaPUC
005 20210929074506.0
008 930803e19910000sp 1 spa d
082 0 4 |a 364.3  |b PRE  |2 21 
245 1 0 |a Prevención de la delincuencia en el medio urbano 
260 |a Madrid  |b Federación Española de Municipios y Provincias  |c 1991 
300 |a 261 p 
583 |a last modification  |c 19930803 00:00:00  |k Rodrigo Vera 
650 0 0 |a Delincuencia  |9 335739 
942 |c BK 
945 |d 19930803 00:00:00 
546 |a En Español 
518 |p Jornadas de protección ciudadana de la FEMP, 9, Vigo, 17 al 19 de Octubre, 1990 
999 |c 382168  |d 382166 
952 |0 0  |1 0  |4 0  |6 364_300000000000000_PRE_1991  |7 0  |8 A  |9 503723  |a BIBGIM  |b BIBGIM  |d 2020-01-23  |i 2938561  |o 364.3 PRE 1991  |p 2938561  |r 2025-01-15  |w 2020-01-23  |y BK  |k SSL